Library Banner

Pedretti's occupational therapy : (Record no. 91418)

MARC details
000 -LEADER
fixed length control field 00836cam a2200241 a 4500
001 - CONTROL NUMBER
control field 17242405
005 - DATE AND TIME OF LATEST TRANSACTION
control field 20170306110924.0
008 - FIXED-LENGTH DATA ELEMENTS--GENERAL INFORMATION
fixed length control field 120404s2013 moua b 001 0 eng
020 ## - INTERNATIONAL STANDARD BOOK NUMBER
International Standard Book Number 9780323059121
040 ## - CATALOGING SOURCE
Transcribing agency PK-LaUMT
082 00 - DEWEY DECIMAL CLASSIFICATION NUMBER
Classification number 615.85152
Edition number 23
Item number PED-
245 00 - TITLE STATEMENT
Title Pedretti's occupational therapy :
Remainder of title practice skills for physical dysfunction /
Statement of responsibility, etc edited by Heidi McHugh Pendleton, and Winifred Schultz-Krohn
250 ## - EDITION STATEMENT
Edition statement 7th ed.
260 ## - PUBLICATION, DISTRIBUTION, ETC. (IMPRINT)
Place of publication, distribution, etc St. Louis, Mo. :
Name of publisher, distributor, etc Elsevier,
Date of publication, distribution, etc 2013
300 ## - PHYSICAL DESCRIPTION
Extent xviii, 1306 p. :
Other physical details ill. ;
Dimensions 28 cm.
500 ## - GENERAL NOTE
General note Rev. ed. of: Occupational therapy. 5th ed. c2001.
650 #0 - SUBJECT ADDED ENTRY--TOPICAL TERM
Topical term or geographic name as entry element People with disabilities
General subdivision Rehabilitation.
650 #0 - SUBJECT ADDED ENTRY--TOPICAL TERM
Topical term or geographic name as entry element Occupational therapy.
700 1# - ADDED ENTRY--PERSONAL NAME
Personal name Pedretti, Lorraine Williams,
700 1# - ADDED ENTRY--PERSONAL NAME
Personal name Pendleton, Heidi McHugh.
700 1# - ADDED ENTRY--PERSONAL NAME
Personal name Schultz-Krohn, Winifred.
942 ## - ADDED ENTRY ELEMENTS (KOHA)
Koha item type Books
Holdings
Withdrawn status Lost status Damaged status Home library Current library Date acquired Full call number Barcode Date last seen Price effective from Koha item type
      UMT Health Sciences Campus UMT Health Sciences Campus 2017-03-06 615.85152 PED- 105914 2017-03-06 2017-03-06 Books